| 000 | 00555nam a2200193Ia 4500 | ||
|---|---|---|---|
| 003 | OSt | ||
| 005 | 20260408102617.0 | ||
| 008 | 240613t[260c]||||xx |||||||||||||| ||und|| | ||
| 020 | _a958-04-0737-1 | ||
| 040 |
_aCO-BoUPN _cCO-BoUPN |
||
| 082 | _a(i) 808.068543 G216p | ||
| 100 | _aGarcia Dominguez, Ramon | ||
| 245 | 0 | _a! Por todos los dioses ... !/ | |
| 245 | 0 | _cRamon Garcia Dominguez. | |
| 264 | 0 |
_aBarcelona, España: _bNorma Editorial _c2018 |
|
| 500 | _aIncluye índice | ||
| 650 |
_aLiteratura Infantil _aCuentos Infantiles |
||
| 942 |
_2ddc _cLIT |
||
| 999 |
_c35589 _d35589 |
||